[Event "Titled Tuesday intern op 26th Sep Early"]
[Site "Chess.com INT"]
[Date "2023.09.26"]
[Round "8"]
[White "Ansh, M Shah"]
[Black "Olsen, Filip Boe"]
[Result "0-1"]
[WhiteElo "2166"]
[BlackElo "2428"]
[PlyCount "48"]
[EventDate "2023.09.26"]
[EventType "swiss (blitz)"]
[EventRounds "11"]
[EventCountry "USA"]
[SourceTitle "EXT 2024"]
[Source "ChessBase"]
[SourceDate "2023.10.10"]
[SourceVersion "1"]
[SourceVersionDate "2023.10.10"]
[SourceQuality "1"]

1. Nf3 g6 2. g3 Bg7 3. Bg2 d5 4. 0-0 e5 5. d4 e4 6. Ne1 Nf6 7. c4 c6 8. Nc3 0-0 9. cxd5 cxd5 10. Nc2 Nc6 11. b4 Be6 12. b5 Na5 13. a4 Rc8 14. Qe1 Nb3 15. Ra3 Nxc1 16. Qxc1 Qd6 17. Qb2 Rc4 18. Rd1 Rfc8 19. Ne3 Rb4 20. Qa1 Nd7 21. Nb1 Nb6 22. a5 Nc4 23. Nxc4 Rbxc4 24. e3 Rc1 0-1

[Event "Titled Tuesday intern op 26th Sep Late"]
[Site "Chess.com INT"]
[Date "2023.09.26"]
[Round "3"]
[White "Ansh, M Shah"]
[Black "Renjith, Sravan"]
[Result "1-0"]
[WhiteElo "2166"]
[BlackElo "2131"]
[PlyCount "165"]
[EventDate "2023.09.26"]
[EventType "swiss (blitz)"]
[EventRounds "11"]
[EventCountry "USA"]
[SourceTitle "EXT 2024"]
[Source "ChessBase"]
[SourceDate "2023.10.10"]
[SourceVersion "1"]
[SourceVersionDate "2023.10.10"]
[SourceQuality "1"]

1. Nf3 d5 2. g3 Nf6 3. Bg2 Bg4 4. 0-0 c6 5. b3 Nbd7 6. Bb2 g6 7. d4 Bg7 8. Nbd2 0-0 9. c4 Ne4 10. Nxe4 dxe4 11. Ne5 Nxe5 12. dxe5 Qa5 13. Bxe4 Bxe5 14. Qc2 Rad8 15. Bxe5 Qxe5 16. Rad1 Rd6 17. Rxd6 exd6 18. Rd1 Re8 19. Bf3 Bxf3 20. exf3 Re6 21. Kg2 Kg7 22. Rd2 h5 23. h4 Qf6 24. Re2 Rxe2 25. Qxe2 Qe5 26. Qxe5+ dxe5 27. Kf1 Kf6 28. Ke2 Ke6 29. Ke3 Kd6 30. b4 b5 31. cxb5 cxb5 32. f4 f6 33. f3 exf4+ 34. Kxf4 Kd5 35. g4 Kc4 36. g5 fxg5+ 37. Kxg5 Kxb4 38. Kxg6 Ka3 39. f4 Kxa2 40. f5 b4 41. f6 b3 42. f7 b2 43. f8Q b1Q+ 44. Kxh5 Qb5+ 45. Kg6 a5 46. h5 Qd3+ 47. Qf5 Qg3+ 48. Kf6 Qc3+ 49. Kf7 a4 50. h6 a3 51. h7 Kb2 52. Qf2+ Kb3 53. Qb6+ Kc2 54. Qg6+ Kc1 55. Qg1+ Kd2 56. Qf2+ Kd1 57. Qf1+ Kc2 58. Qe2+ Kb1 59. Qd1+ Kb2 60. Qe2+ Ka1 61. Qd1+ Ka2 62. Qe2+ Kb3 63. Qb5+ Kc2 64. Qf5+ Kd2 65. Qf2+ Kd1 66. Qf1+ Kc2 67. Qe2+ Kb1 68. Qd1+ Kb2 69. Qe2+ Ka1 70. Qd1+ Ka2 71. Qe2+ Qb2 72. Qc4+ Ka1 73. Qf1+ Ka2 74. Qc4+ Kb1 75. Qf1+ Kc2 76. Qe2+ Kb3 77. Qxb2+ axb2 78. h8Q b1Q 79. Qb8+ Kc2 80. Qh2+ Kc3 81. Qg3+ Kb4 82. Qb8+ Kc3 83. Qxb1 1-0

[Event "Titled Tuesday intern op 12th Sep Late"]
[Site "Chess.com INT"]
[Date "2023.09.12"]
[Round "10"]
[White "Ansh, M Shah"]
[Black "Petr, Jan1111"]
[Result "0-1"]
[WhiteElo "2166"]
[BlackElo "2282"]
[PlyCount "90"]
[EventDate "2023.09.12"]
[EventType "swiss (blitz)"]
[EventRounds "11"]
[EventCountry "USA"]
[SourceTitle "EXT 2024"]
[Source "ChessBase"]
[SourceDate "2023.10.10"]
[SourceVersion "1"]
[SourceVersionDate "2023.10.10"]
[SourceQuality "1"]

1. Nf3 Nf6 2. g3 g6 3. Bg2 Bg7 4. 0-0 0-0 5. b3 d6 6. Bb2 Nbd7 7. d4 Re8 8. d5 a5 9. a3 a4 10. b4 Nb6 11. Ne1 Nc4 12. Bc3 b5 13. Nd2 Nxd2 14. Qxd2 Bb7 15. e4 c6 16. dxc6 Bxc6 17. f3 Rc8 18. Nd3 Qb6+ 19. Nf2 Rc7 20. Bd4 Qb7 21. Rac1 Rec8 22. Nd3 Nxe4 23. fxe4 Bxd4+ 24. Kh1 Bxe4 25. Nf4 Bxg2+ 26. Nxg2 Be5 27. Qf2 f6 28. h4 Qe4 29. Rce1 Qg4 30. Kh2 Rxc2 31. Qe3 Qxh4+ 32. Kg1 Qxg3 33. Qxg3 Bxg3 34. Rxe7 R8c7 35. Re8+ Kf7 36. Rh8 Ke6 37. Rb8 h5 38. Rxb5 h4 39. Nf4+ Bxf4 40. Rxf4 h3 41. Re4+ Kf7 42. Rd5 Rg2+ 43. Kf1 Rc1+ 44. Re1 Rxe1+ 45. Kxe1 h2 0-1

[Event "Titled Tuesday intern op 12th Sep Early"]
[Site "Chess.com INT"]
[Date "2023.09.12"]
[Round "5"]
[White "Ansh, M Shah"]
[Black "Postny, Evgeny"]
[Result "0-1"]
[WhiteElo "2166"]
[BlackElo "2570"]
[PlyCount "88"]
[EventDate "2023.09.12"]
[EventType "swiss (blitz)"]
[EventRounds "11"]
[EventCountry "USA"]
[SourceTitle "EXT 2024"]
[Source "ChessBase"]
[SourceDate "2023.10.10"]
[SourceVersion "1"]
[SourceVersionDate "2023.10.10"]
[SourceQuality "1"]

1. Nf3 Nf6 2. g3 c5 3. Bg2 g6 4. 0-0 Bg7 5. b3 0-0 6. Bb2 d5 7. d3 Nc6 8. Nbd2 d4 9. a4 Nd5 10. Nc4 Bg4 11. h3 Be6 12. Ng5 Bc8 13. Ne4 b6 14. Kh2 h6 15. e3 f5 16. Ned2 e5 17. e4 Nde7 18. exf5 gxf5 19. f4 Rb8 20. fxe5 Be6 21. Nf3 Ng6 22. Qd2 Kh7 23. Rae1 Rg8 24. Bc1 Qd7 25. Re2 Rbf8 26. Ref2 Nce7 27. Kh1 f4 28. g4 Nd5 29. Qe2 Ne3 30. Rg1 Qe7 31. Nfd2 Qh4 32. Nf3 Qd8 33. Nfd2 Bd5 34. Bxd5 Qxd5+ 35. Qf3 Qe6 36. Ne4 Bxe5 37. Re2 Nh4 38. Qf2 Ng6 39. Bxe3 fxe3 40. Qg2 Nf4 41. Qf3 Nxd3 42. Qxf8 Rxf8 43. cxd3 Bc7 44. Kg2 Qf7 0-1

[Event "Titled Tuesday intern op 05th Sep Early"]
[Site "Chess.com INT"]
[Date "2023.09.05"]
[Round "1"]
[White "Ansh, M Shah"]
[Black "Zakhartsov, Vladimir"]
[Result "0-1"]
[WhiteElo "2166"]
[BlackElo "2526"]
[PlyCount "60"]
[EventDate "2023.09.05"]
[EventType "swiss (blitz)"]
[EventRounds "11"]
[EventCountry "USA"]
[SourceTitle "EXT 2024"]
[Source "ChessBase"]
[SourceDate "2023.10.10"]
[SourceVersion "1"]
[SourceVersionDate "2023.10.10"]
[SourceQuality "1"]

1. d4 Nf6 2. Nf3 e6 3. g3 c5 4. Bg2 Nc6 5. 0-0 cxd4 6. Nxd4 Bc5 7. Nxc6 bxc6 8. b3 d5 9. Bb2 0-0 10. Nd2 a5 11. c4 a4 12. Rc1 Be7 13. Qc2 Ba6 14. Rfd1 Qb6 15. e3 Nd7 16. Bd4 Qb7 17. cxd5 cxd5 18. bxa4 Rfc8 19. Qb3 Qb4 20. Qxb4 Bxb4 21. Nb3 Bc4 22. a5 Bxa5 23. Nxa5 Rxa5 24. e4 Rca8 25. exd5 Bxd5 26. Bxd5 Rxd5 27. Be3 Nf6 28. Bd4 Rad8 29. Rc4 e5 30. a4 exd4 0-1

[Event "Titled Tuesday intern op 08th Aug Late"]
[Site "Chess.com INT"]
[Date "2023.08.08"]
[Round "2"]
[White "Ansh, M Shah"]
[Black "Popov, Konstantin"]
[Result "0-1"]
[WhiteElo "2164"]
[BlackElo "2376"]
[PlyCount "100"]
[EventDate "2023.08.08"]
[EventType "swiss (blitz)"]
[EventRounds "11"]
[EventCountry "USA"]
[SourceTitle "EXT 2024"]
[Source "ChessBase"]
[SourceDate "2023.10.10"]
[SourceVersion "1"]
[SourceVersionDate "2023.10.10"]
[SourceQuality "1"]

1. d4 Nf6 2. c4 e6 3. g3 c5 4. Nf3 cxd4 5. Nxd4 d5 6. Bg2 e5 7. Nc2 d4 8. 0-0 Nc6 9. a3 a5 10. Nd2 Be7 11. Ne4 0-0 12. e3 Be6 13. exd4 exd4 14. b3 a4 15. Nb4 axb3 16. Nxc6 bxc6 17. Qxb3 Rb8 18. Qd3 c5 19. Bf4 Rb6 20. Rfb1 Nd7 21. a4 Ra6 22. Rb5 h6 23. h4 Nb6 24. Nd2 Rxa4 25. Rxa4 Nxa4 26. Qb3 Nc3 27. Rb8 Qa5 28. Rxf8+ Bxf8 29. Bf3 Qd8 30. Ne4 Nxe4 31. Bxe4 Bd6 32. Bxd6 Qxd6 33. Qa3 g5 34. Qa8+ Kg7 35. hxg5 hxg5 36. Bd3 Qe5 37. Qc6 Bf5 38. Bxf5 Qxf5 39. Qd6 Qb1+ 40. Kg2 Qe4+ 41. Kf1 Qf5 42. Qd8 g4 43. Kg1 d3 44. Kf1 Kg6 45. Ke1 Qe4+ 46. Kf1 Qe2+ 47. Kg2 Qe4+ 48. Kg1 Qxc4 49. Qd6+ f6 50. Qd7 Qe4 0-1